[Event "AUTO-OPEN-1531"]
[Site "http://www.queenalice.com/game.php?id=579382"]
[Date "2009.4.28"]
[Round "1"]
[White "CowboyNoel"]
[Black "fabke007"]
[Result "0-1"]
[WhiteElo "1537"]
[BlackElo "2029"]

1. e4 c5 2. Na3 g6 3. d4 cxd4 4. Qxd4 Nf6 5. Bg5 Bg7 6. O-O-O Nc6 7. Qe3 O-O 8.
Be2 d6 9. Nc4 Qc7 10. Nf3 Be6 11. g4 Nxg4 12. Qf4 Nxf2 13. Bh6 Nxh1 14. Bxg7
Kxg7 15. Qh4 Bxc4 16. Bxc4 Ne5 17. Ng5 h6 18. Rg1 Qxc4 0-1

[Event "AUTO-INT-1287"]
[Site "http://www.queenalice.com/game.php?id=579553"]
[Date "2009.4.28"]
[Round "1"]
[White "dhiratsuka"]
[Black "CowboyNoel"]
[Result "1-0"]
[WhiteElo "1681"]
[BlackElo "1615"]

1. Nc3 e5 2. e4 Bc5 3. f3 Nf6 4. Nge2 b6 5. d4 Bb4 6. Bd2 a5 7. dxe5 Nh5 8. a3
Bxc3 9. Nxc3 Nc6 10. f4 g6 11. g4 Ng7 12. h4 d6 13. Nd5 dxe5 14. Bc3 Ne6 15. g5
Nc5 16. fxe5 Nxe4 17. Bb5 Bd7 18. Nf6+ Nxf6 19. exf6 a4 20. O-O Nb8 21. Re1+ Kf8
22. Re7 1-0

[Event "AUTO-INT-1287"]
[Site "http://www.queenalice.com/game.php?id=579554"]
[Date "2009.4.28"]
[Round "1"]
[White "CowboyNoel"]
[Black "dhiratsuka"]
[Result "0-1"]
[WhiteElo "1547"]
[BlackElo "1700"]

1. e4 d5 2. g3 dxe4 3. Nc3 f5 4. Bc4 Nf6 5. b3 c6 6. Bb2 b5 7. Nxb5 cxb5 8.
Bxb5+ Bd7 9. a4 Bxb5 10. axb5 Qb6 11. c4 Ng4 12. Nh3 e6 13. f3 exf3 14. Qxf3 Bc5
15. Qxa8 O-O 16. Qf3 Nd7 17. Qf4 e5 18. Bxe5 Ndxe5 19. Qxe5 Nxe5 20. O-O-O Nd3+
21. Kc2 Nb4+ 22. Kb1 Nd3 23. Kc2 Nf2 0-1

[Event "AUTO-INT-1287"]
[Site "http://www.queenalice.com/game.php?id=579575"]
[Date "2009.4.28"]
[Round "1"]
[White "cassy"]
[Black "CowboyNoel"]
[Result "1-0"]
[WhiteElo "2088"]
[BlackElo "1633"]

1. d4 d5 2. Nf3 g6 3. c4 dxc4 4. e4 e6 5. Bxc4 Bg7 6. Be3 Nf6 7. Nc3 b6 8. O-O
Bb7 9. d5 Ng4 10. dxe6 O-O 11. exf7+ Kh8 12. Qxd8 Rxd8 13. Bg5 Rc8 14. Be6 Ne5
15. Nxe5 Nc6 16. Bxc8 Nxe5 17. Bxb7 Rb8 18. Bd5 c6 19. Bb3 h6 20. Bf4 b5 21.
Rad1 b4 22. Na4 Rf8 23. Bxe5 Bxe5 24. f4 Bc7 25. e5 c5 26. e6 1-0

[Event "AUTO-ADV-1352"]
[Site "http://www.queenalice.com/game.php?id=597967"]
[Date "2009.6.3"]
[Round "1"]
[White "CowboyNoel"]
[Black "Gamingo"]
[Result "0-1"]
[WhiteElo "1602"]
[BlackElo "1842"]

1. e4 e5 2. Bc4 Nf6 3. Nc3 Nxe4 4. Nxe4 d5 5. Nf6+ gxf6 6. Bb3 Be6 7. d4 Nc6 8.
Nf3 e4 9. Ng1 Qd6 10. g3 O-O-O 0-1

[Event "AUTO-ADV-1352"]
[Site "http://www.queenalice.com/game.php?id=597968"]
[Date "2009.6.3"]
[Round "1"]
[White "Gamingo"]
[Black "CowboyNoel"]
[Result "1-0"]
[WhiteElo "1848"]
[BlackElo "1596"]

1. e4 e5 2. Nf3 Bc5 3. Bc4 b6 4. O-O Bb7 5. Nc3 Nf6 6. d4 exd4 7. Nxd4 Bxe4 8.
Nxe4 Nxe4 9. Re1 d5 10. c3 Qh4 11. Bb5+ 1-0

[Event "AUTO-INT-1332"]
[Site "http://www.queenalice.com/game.php?id=598043"]
[Date "2009.6.3"]
[Round "1"]
[White "CowboyNoel"]
[Black "carlitomontana93270"]
[Result "0-1"]
[WhiteElo "1576"]
[BlackElo "1658"]

1. e4 c5 2. Nc3 b6 3. g3 Bb7 4. Nf3 e6 5. Bc4 d5 6. exd5 exd5 7. Bb5+ Nd7 8. Ne5
Nf6 9. d3 a6 10. Bxd7+ Nxd7 11. Qh5 Nxe5 0-1

[Event "AUTO-INT-1332"]
[Site "http://www.queenalice.com/game.php?id=598044"]
[Date "2009.6.3"]
[Round "1"]
[White "carlitomontana93270"]
[Black "CowboyNoel"]
[Result "1-0"]
[WhiteElo "1644"]
[BlackElo "1590"]

1. c4 e5 2. b3 Nc6 3. Bb2 Bb4 4. a3 Ba5 5. e3 Nf6 6. b4 Nxb4 7. axb4 Bxb4 8.
Bxe5 b6 9. Qb3 a5 10. Nf3 d6 11. Bb2 Bg4 12. Be2 d5 13. cxd5 1-0

[Event "Gunnin 4 an Aussie"]
[Site "http://www.queenalice.com/game.php?id=598548"]
[Date "2009.6.4"]
[Round "-"]
[White "captainslog"]
[Black "CowboyNoel"]
[Result "1-0"]
[WhiteElo "1925"]
[BlackElo "1574"]

1. d4 d6 2. c4 Bf5 3. Nc3 Nf6 4. Bg5 g6 5. Bxf6 exf6 6. e4 Qe7 7. Qe2 Bd7 8. Nd5
Qd8 9. Nf3 Bg7 10. O-O-O Na6 11. h4 f5 12. e5 O-O 13. h5 Bh6+ 14. Kb1 g5 15.
Nf6+ Kg7 16. Qe3 c5 17. Nxg5 Qa5 18. exd6 Nb4 19. a3 Nc6 20. Nxd7 Rfe8 21. Qg3
Re1 22. Nf3+ Kh8 23. Rxe1 Qa4 24. Nxc5 Qa5 25. Ne5 Qxe1+ 26. Ka2 Nd8 27. Ncd3
Qe4 28. Nd7 Qe6 29. Qe5+ Bg7 30. Qxe6 Nxe6 31. N3e5 f6 32. h6 fxe5 33. hxg7+
Kxg7 34. dxe5 b6 35. Nf6 a6 36. Rxh7+ Kg6 37. g3 Rd8 38. f4 1-0

[Event "Challenge"]
[Site "http://www.queenalice.com/game.php?id=622918"]
[Date "2009.7.22"]
[Round "-"]
[White "CowboyNoel"]
[Black "forth_generation"]
[Result "0-1"]
[WhiteElo "1560"]
[BlackElo "1725"]

1. e4 Nc6 2. d4 d6 3. d5 Ne5 4. g3 f5 5. Bg2 fxe4 6. Bxe4 Bg4 7. Nf3 Nf6 8. Bg5
Nxe4 9. O-O Bxf3 10. Qd4 Qc8 11. Na3 Qh3 0-1